Countries and Capitals With The Same First Three Letters - Statistics

General Stats
  • This quiz has been taken 71 times
    68 since last reset
  • The average score is 14 of 19
Answer Stats
Capital Country % Correct
Guatemala City Guatemala
91%
Andorra la Vella Andorra
87%
Mexico City Mexico
85%
Vatican City Vatican City
85%
Kuwait City Kuwait
83%
Panama City Panama
80%
Monaco Monaco
78%
Algiers Algeria
76%
Singapore Singapore
76%
Djibouti Djibouti
72%
San Marino San Marino
72%
Brasilia Brazil
70%
Tunis Tunisia
70%
Luxembourg Luxembourg
67%
São Tomé São Tomé and Príncipe
61%
Sri Jayawardenepura Kotte Sri Lanka
59%
Taipei Taiwan
57%
Belmopan Belize
46%
Malé Maldives
46%
No matching quizzes found
Score Distribution
Percent of People with Each Score
Percentile by Number Answered
Your Score History
You have not taken this quiz since the last reset